Poll: Which Sport Should Be Added to the Olympics? - Statistics

General Stats
  • This quiz has been taken 75 times
  • The average score is 2 of 8
Answer Stats
Question Tile Select % Correct
Select a sport you would like to add in the next Olympic Games. Cricket Yes
44%
Select a sport you would like to add in the next Olympic Games. Dodgeball Yes
36%
Select a sport you would like to add in the next Olympic Games. Bowling Yes
33%
Select a sport you would like to add in the next Olympic Games. American Football Yes
26%
Select a sport you would like to add in the next Olympic Games. Chess Yes
25%
Select a sport you would like to add in the next Olympic Games. Futsal Yes
22%
Select a sport you would like to add in the next Olympic Games. Other (comment your sport in this case) Yes
14%
Select a sport you would like to add in the next Olympic Games. Cue Sports Yes
10%
No matching quizzes found
Score Distribution
Percent of People with Each Score
Percentile by Number Answered
Your Score History
You have not taken this quiz